Outdoor Management Training

Metóda Outdoor management Training je dnes vo svete pre svoju vysokú efektivitu veľmi častou a úspešne používanou formou vzdelávania pracovníkov renomovaných firiem. Metóda Outdoor Management Training je jednou z foriem výcviku manažérov, aby riadiaca činnosť a spolupráca pracovných tímov bola efekt...

Descrizione completa

Salvato in:
Dettagli Bibliografici
Natura: Capitolo di libro
Lingua:ceco
Soggetti:
Tags: Aggiungi Tag
Nessun Tag, puoi essere il primo ad aggiungerne!!

MARC

LEADER 00000naa a2200000 4500
001 r027133
005 20230922084946.8
041 0 |a cze 
044 |a CZ 
245 1 0 |a Outdoor Management Training 
520 |a Metóda Outdoor management Training je dnes vo svete pre svoju vysokú efektivitu veľmi častou a úspešne používanou formou vzdelávania pracovníkov renomovaných firiem. Metóda Outdoor Management Training je jednou z foriem výcviku manažérov, aby riadiaca činnosť a spolupráca pracovných tímov bola efektívna. 
610 2 0 |a vzdelávanie 
610 2 0 |a manažéri 
610 2 0 |a výcvik 
610 2 0 |a práca riadiaca 
610 2 0 |a Outdoor Management Training